000 00979nam a22002297a 4500
005 20240305165428.0
007 cr|||| ||||
008 141107s2013 sp |||||s|||| 00||0 spa d
020 _a978-84-15923-21-3
035 _a11829
040 _avLex
090 _c5285
_d5285
245 0 0 _aParticipación y acción sindical en la empresa
_h[Recurso electrónico]
256 _aServicio en línea
260 _aAlbacete :
_bEditorial Bomarzo,
_c2013
300 _a1 recurso electrónico
506 1 _aContenido disponible en los productos indicados
_dvLex Global
_dvLex Global (Academic Edition, excluding Law Schools)
_dvLex Global (U.S. Academic Edition, Law Schools)
_dvLex Global (U.S. Academic Edition, excluding Law Schools)
_dvLex Global (Academic Edition, Law Schools)
650 0 4 _aSindicalismo
_zEspaña
740 0 _avLex Libros (Servicio en línea)
856 4 0 _uhttps://app.vlex.com/#/sources/participacion-y-accion-sindical-en-la-empresa-11829
942 _cRAA
999 _c163629
_d163629